Dale's pharmacology condensed / (Record no. 1479)

MARC details
000 -LEADER
fixed length control field 01585cam a22003737i 4500
001 - CONTROL NUMBER
control field data
005 - DATE AND TIME OF LATEST TRANSACTION
control field 20260322212102.0
008 - FIXED-LENGTH DATA ELEMENTS--GENERAL INFORMATION
fixed length control field data
035 ## - SYSTEM CONTROL NUMBER
System control number 21166792
010 ## - LIBRARY OF CONGRESS CONTROL NUMBER
LC control number 2019949209
020 ## - INTERNATIONAL STANDARD BOOK NUMBER
International Standard Book Number 0702078182
Qualifying information (paperback)
020 ## - INTERNATIONAL STANDARD BOOK NUMBER
International Standard Book Number 9780702078187
Qualifying information (paperback)
035 ## - SYSTEM CONTROL NUMBER
System control number (OCoLC)1130668553
040 ## - CATALOGING SOURCE
Original cataloging agency YDX
Language of cataloging eng
Transcribing agency YDX
Description conventions rda
Modifying agency DLC
-- YDXIT
-- OCLCF
-- OCLCQ
-- OCLCO
-- DLC
042 ## - AUTHENTICATION CODE
Authentication code lccopycat
050 00 - LIBRARY OF CONGRESS CALL NUMBER
Classification number RM300
Item number .P24 2021
082 04 - DEWEY DECIMAL CLASSIFICATION NUMBER
Classification number 615.1
Edition information 23
100 1# - MAIN ENTRY--PERSONAL NAME
Personal name Page, C. P.,
Relator term author.
245 10 - TITLE STATEMENT
Title Dale's pharmacology condensed /
Remainder of title Clive Page, OBE, PhD, Director, Sackler Institute of Pulmonary Pharmacology, Institute of Pharmaceutical Science King's College London, London, United Kingdom, Simon Pitchford, BSc, PhD, Sackler Institute of Pulmonary Pharmacology Institute of Pharmaceutical Science King's College London, London, United Kingdom.
250 ## - EDITION STATEMENT
Edition statement Third edition.
264 #1 - PRODUCTION, PUBLICATION, DISTRIBUTION, MANUFACTURE, AND COPYRIGHT NOTICE
Place of production, publication, distribution, manufacture [Philadelphia, Pa.] :
Name of producer, publisher, distributor, manufacturer Elsevier,
Date of production, publication, distribution, manufacture, or copyright notice [2021]
300 ## - PHYSICAL DESCRIPTION
Extent 165 pages :
Other physical details illustrations ;
Dimensions 28 cm
336 ## - CONTENT TYPE
Content type term text
Content type code txt
Source rdacontent
337 ## - MEDIA TYPE
Media type term unmediated
Media type code n
Source rdamedia
338 ## - CARRIER TYPE
Carrier type term volume
Carrier type code nc
Source rdacarrier
650 #0 - SUBJECT ADDED ENTRY--TOPICAL TERM
Topical term or geographic name entry element Pharmacology.
650 #2 - SUBJECT ADDED ENTRY--TOPICAL TERM
Topical term or geographic name entry element Pharmacology
650 #6 - SUBJECT ADDED ENTRY--TOPICAL TERM
Topical term or geographic name entry element Pharmacologie.
650 #7 - SUBJECT ADDED ENTRY--TOPICAL TERM
Topical term or geographic name entry element pharmacology.
Source of heading or term aat
650 #7 - SUBJECT ADDED ENTRY--TOPICAL TERM
Topical term or geographic name entry element Pharmacology.
Source of heading or term fast
Authority record control number or standard number (OCoLC)fst01060259
906 ## - LOCAL DATA ELEMENT F, LDF (RLIN)
a 7
b cbc
c copycat
d 2
e ncip
f 20
g y-gencatlg
925 0# -
-- acquire
-- 1 shelf copy
-- policy default
955 ## - COPY-LEVEL INFORMATION (RLIN)
-- rl06 2022-05-26 to PresSrvs
Holdings
Withdrawn status Lost status Damaged status Not for loan Home library Current library Shelving location Date acquired Total checkouts Full call number Barcode Date last seen Price effective from Koha item type
        Riverside Riverside General stacks 22/03/2026   615.1 LOC-RPL-00026 22/03/2026 22/03/2026 Books